| 000 | 005040000a22001690004500 | ||
|---|---|---|---|
| 041 | 0 | _aSPA | |
| 082 | 0 | 4 | _aG 253.5 S7831b |
| 100 | 1 | _aStamateas, Bernardo | |
| 245 | 1 | 0 | _aAconsejamiento pastoral : Una respuesta bíblica y terapéutica a la conflictividad emocional del ser humano / Bernardo Stamateas |
| 260 | _aBarcelona : CLIE | ||
| 300 | _a320 Pag | ||
| 001 | 7813 | ||
| 942 | _cBK | ||
| 999 |
_c38018 _d38018 |
||
| 336 |
_atexto _btxt _2rdacontent |
||
| 337 |
_2rdamedia _asin mediación _bn |
||
| 338 |
_2rdacarrier _avolumen _bnc |
||